000 00488nam a22001817a 4500
003 OSt
005 20160616181822.0
008 160616b xxu||||| |||| 00| 0 eng d
020 _a9241562064
040 _cDNLM
082 _aQV33R183e;
100 _aWorld Health Organization.
_93669
245 _aEffective Drug Regulation.
_bA Multicountry Study.
260 _aAustraria.
_bWHO.Library.
_c2002.
300 _aix,47p;
_bill;
_c31cm.
650 _aPharmacology.
_9357
942 _2z
_cO_SHELF
999 _c4393
_d4393